BIBLIOTHÈQUE DE LA MAISON DU MEXIQUE

Logo 1 Logo 2

Historia de Veracruz (Registro nro. 10063)

Detalles MARC
000 -Sello discográfico
campo de control de longitud fija 00978nam a2200337 4500
005 - Identificación de versión
campo de control 20250925141423.0
035 ## - Otros números de control del sistema
Número de control del sistema 1524
099 ## - fechas locales
Tipo de ítem Koha LIBRO
100 ## - Datos de procesamiento general
Datos de procesamiento general 20031209d1950 m y1spay5003 ba
105 ## - Campo de datos codificados: Material textual, monográfico
Datos codificados de monografía a 001zy
200 1# - Título y mención de responsabilidad
Título propio Historia de Veracruz
Designación general del material texto impreso
Primer mención de responsabilidad Manuel B. Trens
Número de una pieza Tomo V Segundo volumen
Nombre de una parte Dictadura, reforma y segundo imperio : 1852-1867
210 ## - Publicación, distribución, etc.
Lugar de publicación, distribución, etc. México
Nombre del editor, distribuidor, etc. Talleres de S. Turanzas del Valle "La Impresora"
Fecha de publicación, distribución, etc. 1950
215 ## - Descripción física
Designación de material específico y extensión del ítem 358-604 p
Otras características físicas il.
Dimensiones 24 cm
318 ## - Nota de acción
Acción No se presta a domicilio
345 ## - Nota de información de adquisición
Fuente de adquisición/dirección de la suscripción [OBSOLETO] Donación
607 ## - Nombre geográfico utilizado como tema
Elemento de entrada Veracruz (México)
Subdivisión temática Historia
Subdivisión cronológica Siglo XIX
Número Koha 16614
660 ## - Código de área geográfica
Código MX
676 ## - Clasificación Decimal Dewey
Número R972.61 T794h v.5 t.2
700 ## - Nombre personal - Responsabilidad primaria
Elemento de entrada Trens Marentes
Parte del nombre distinta del elemento de entrada Manuel Bartolomé
Fechas 1893-1963
Número Koha 16561
801 #0 - Fuente de origen
Agencia cm
900 ## -
-- 1/5389
900 ## -
-- 7100317150\091203
942 ## - ELEMENTOS DE ENTRADA SECUNDARIOS (KOHA)
Tipo de ítem Koha Libro

No hay ítems disponibles.